[Event "2006 China & Russia chess summit"]
[Site "Erguna CHN"]
[Date "2006.08.12"]
[Round "3"]
[White "Kosintseva, Tatiana"]
[Black "Huang Qian"]
[Result "1/2-1/2"]
[WhiteElo "2479"]
[BlackElo "2380"]
[PlyCount "129"]
[EventDate "2006.08.11"]
[Source "Chess Today"]
[SourceDate "2006.08.14"]

1. e4 c5 2. Nf3 d6 3. d4 cxd4 4. Nxd4 Nf6 5. Nc3 a6 6. Be3 Ng4 7. Bg5 h6 8. Bh4
g5 9. Bg3 Bg7 10. h3 Nf6 11. Bc4 Nc6 12. Nxc6 bxc6 13. e5 Nd7 14. exd6 Ne5 15.
Bxe5 Bxe5 16. Qf3 O-O 17. dxe7 Bxc3+ 18. Qxc3 Qxe7+ 19. Kf1 Bf5 20. Re1 Qd6 21.
g3 Rfe8 22. Kg2 a5 23. Rxe8+ Rxe8 24. Re1 Rxe1 25. Qxe1 Qf6 26. c3 Bg6 27. Qe3
Qd6 28. Qd4 Qe7 29. b4 axb4 30. cxb4 h5 31. a4 h4 32. gxh4 gxh4 33. Qg4 Kh7 34.
a5 Qxb4 35. Qxh4+ Kg7 36. a6 c5 37. Qf4 Qb6 38. h4 Qd8 39. Qe5+ Kh7 40. h5 Bb1
41. Qd5 Qg8+ 42. Kf1 Qg4 43. Qxf7+ Kh6 44. Qe6+ Qxe6 45. Bxe6 Bd3+ 46. Ke1 Bxa6
47. Bf7 Kg7 48. Be8 Bc8 49. f3 Kh6 50. Kd2 Be6 51. Ke3 Bd5 52. f4 Be6 53. Ke4
c4 54. Kd4 Bg8 55. f5 Kg7 56. Ke5 c3 57. Ba4 Bf7 58. f6+ Kh6 59. Kd6 Kxh5 60.
Ke7 Bc4 61. Bc2 Kg5 62. Be4 Ba2 63. Bd3 Bb3 64. f7 Bxf7 65. Kxf7 1/2-1/2

[Event "2006 China & Russia chess summit"]
[Site "Erguna CHN"]
[Date "2006.08.13"]
[Round "4"]
[White "Ni Hua"]
[Black "Malakhov, Vladimir"]
[Result "1/2-1/2"]
[WhiteElo "2607"]
[BlackElo "2690"]
[PlyCount "35"]
[EventDate "2006.08.11"]
[Source "Chess Today"]
[SourceDate "2006.08.14"]

1. e4 c5 2. Nf3 Nc6 3. d4 cxd4 4. Nxd4 g6 5. c4 Nf6 6. Nc3 d6 7. Be2 Nxd4 8.
Qxd4 Bg7 9. Bg5 O-O 10. Qd2 Be6 11. Rc1 Qa5 12. f3 Rfc8 13. b3 Rab8 14. Nd5
Qxd2+ 15. Kxd2 Nxd5 16. cxd5 Bd7 17. Rxc8+ Rxc8 18. Rc1 1/2-1/2

[Event "2006 China & Russia chess summit"]
[Site "Erguna CHN"]
[Date "2006.08.13"]
[Round "4"]
[White "Bu Xiangzhi"]
[Black "Jakovenko, Dmitrij"]
[Result "1/2-1/2"]
[WhiteElo "2664"]
[BlackElo "2667"]
[PlyCount "199"]
[EventDate "2006.08.11"]
[Source "Chess Today"]
[SourceDate "2006.08.14"]

1. Nf3 Nf6 2. c4 e6 3. Nc3 c5 4. g3 b6 5. Bg2 Bb7 6. O-O Nc6 7. Re1 Qc7 8. e4
d6 9. d4 cxd4 10. Nxd4 Nxd4 11. Qxd4 Be7 12. b3 O-O 13. Bb2 Rfd8 14. Rac1 Rac8
15. h3 Bf8 16. Kh2 Qb8 17. Rcd1 Bc6 18. Qe3 Nd7 19. f4 a6 20. f5 Ne5 21. fxe6
fxe6 22. Ne2 b5 23. cxb5 axb5 24. Nf4 Re8 25. Rf1 Qb7 26. Nh5 Nf7 27. Rd2 e5
28. Rdf2 Re7 29. g4 Bd7 30. g5 Be6 31. Qg3 Ree8 32. g6 Nh8 33. gxh7+ Kxh7 34.
Qh4 Kg8 35. Qg5 Kh7 36. Bc1 Qe7 37. Rf6 Bf7 38. Rh6+ gxh6 39. Nf6+ Qxf6 40.
Qxf6 Rc2 41. Be3 Rxa2 42. Rf2 Rxf2 43. Qxf2 Bxb3 44. Qf5+ Ng6 45. Qd7+ Re7 46.
Qxb5 Be6 47. Bf3 Rg7 48. Bg4 Bxg4 49. hxg4 Be7 50. Qc4 Nf4 51. Bxf4 exf4 52.
Qe6 Bf8 53. Qf5+ Kg8 54. Qxf4 Rf7 55. Qd2 Rf6 56. Kg3 Bg7 57. Qd5+ Kh7 58. Kh4
Kh8 59. Qc6 Kh7 60. Qd7 Kg8 61. Qe7 Kh7 62. g5 hxg5+ 63. Kxg5 Rg6+ 64. Kf5 Rh6
65. Qf7 Kh8 66. Kg5 Kh7 67. Qf5+ Kg8 68. Qa5 Kh7 69. Qf5+ Kg8 70. Qd7 Kh7 71.
Kf4 Kg8 72. Ke3 Be5 73. Kd3 Rf6 74. Kc4 Rf7 75. Qg4+ Kh7 76. Kd5 Kh6 77. Qh4+
Kg6 78. Qd8 Rf4 79. Qg8+ Kh5 80. Qh7+ Kg4 81. Qg6+ Kh3 82. Kc4 Rf3 83. Qh5+ Kg3
84. Qg6+ Kh3 85. Qg5 Rg3 86. Qh5+ Kg2 87. Qe2+ Kg1 88. Kd5 Rc3 89. Ke6 Rg3 90.
Kf5 Rc3 91. Kg4 Rg3+ 92. Kh4 Rc3 93. Qa2 Rg3 94. Qd2 Rc3 95. Qd5 Kf1 96. Qa5
Ke2 97. Kg4 Rg3+ 98. Kf5 Rc3 99. Qb5+ Kf2 100. Ke6 1/2-1/2

[Event "2006 China & Russia chess summit"]
[Site "Erguna CHN"]
[Date "2006.08.13"]
[Round "4"]
[White "Matveeva, Svetlana"]
[Black "Shen Yang"]
[Result "0-1"]
[WhiteElo "2454"]
[BlackElo "2459"]
[PlyCount "80"]
[EventDate "2006.08.11"]
[Source "Chess Today"]
[SourceDate "2006.08.14"]

1. d4 d5 2. c4 c6 3. Nc3 Nf6 4. e3 a6 5. Nf3 b5 6. c5 g6 7. Bd3 Bg4 8. Qb3 Nbd7
9. a4 Bg7 10. Qa3 O-O 11. axb5 axb5 12. Qxa8 Qxa8 13. Rxa8 Rxa8 14. Nd2 b4 15.
Ne2 e5 16. f3 Be6 17. Nb3 Kf8 18. Kf2 Bh6 19. Bc2 Ra2 20. Bb1 Ra4 21. Rd1 Ng8
22. Bd2 Ne7 23. Bc2 Ra2 24. Rb1 exd4 25. Nexd4 Ne5 26. Nc1 Ra8 27. Bxb4 Nc4 28.
f4 Rb8 29. Bc3 Bg7 30. Nce2 Nf5 31. Nxc6 Rc8 32. Na7 Bxc3 33. Nxc8 Bd2 34. Bxf5
Bxe3+ 35. Kg3 Bxf5 36. Ra1 Bxc5 37. b3 Nd2 38. Ra8 Kg7 39. Rb8 h5 40. h4 Nf1+
0-1

[Event "2006 China & Russia chess summit"]
[Site "Erguna CHN"]
[Date "2006.08.13"]
[Round "4"]
[White "Hou Yifan"]
[Black "Kovalevskaya, Ekaterina"]
[Result "1-0"]
[WhiteElo "2488"]
[BlackElo "2463"]
[PlyCount "127"]
[EventDate "2006.08.11"]
[Source "Chess Today"]
[SourceDate "2006.08.14"]

1. e4 c5 2. Nf3 Nc6 3. Bb5 g6 4. Bxc6 dxc6 5. d3 Bg7 6. h3 Nh6 7. Nc3 f6 8. Be3
b6 9. Qd2 Nf7 10. O-O-O e5 11. h4 h5 12. Nh2 Be6 13. f4 Qd7 14. Nf3 O-O-O 15.
a3 Qd6 16. Kb1 Nh6 17. fxe5 fxe5 18. Bf2 Ng4 19. Bg3 Rhf8 20. Qe2 Qe7 21. Rdf1
c4 22. dxc4 Qc5 23. b3 Qxa3 24. Na2 Qc5 25. Nc1 Qe3 26. Re1 Qxe2 27. Rxe2 Rfe8
28. Nd3 Bg8 29. Kb2 c5 30. Be1 a5 31. Ka3 Kb7 32. Nb2 Be6 33. Na4 Bd7 34. Nc3
Bc6 35. Rf1 Bh6 36. Bg3 Rf8 37. Rfe1 Rde8 38. Rd1 Rf6 39. Nd5 Rf7 40. Rd3 Rd7
41. Re1 Bxd5 42. cxd5 Kc7 43. Ng5 Bxg5 44. hxg5 Rh8 45. Rf3 h4 46. Rh1 Rdh7 47.
Be1 Kd6 48. Ka4 Rc8 49. c4 Rch8 50. Kb5 Kd7 51. Rhf1 h3 52. gxh3 Rxh3 53. Kxb6
Kd6 54. Kb7 R3h7+ 55. Rf7 Rh3 56. R1f3 Rxf3 57. Rxf3 Rh7+ 58. Kb6 Rh2 59. Bxa5
Rf2 60. Rg3 Rf4 61. b4 cxb4 62. c5+ Ke7 63. d6+ Ke6 64. Kc6 1-0

[Event "2006 China & Russia chess summit"]
[Site "Erguna CHN"]
[Date "2006.08.13"]
[Round "4"]
[White "Kosintseva, Nadezhda"]
[Black "Zhao Xue"]
[Result "1-0"]
[WhiteElo "2472"]
[BlackElo "2456"]
[PlyCount "95"]
[EventDate "2006.08.11"]
[Source "Chess Today"]
[SourceDate "2006.08.14"]

1. e4 c5 2. Nf3 d6 3. d4 cxd4 4. Nxd4 Nf6 5. Nc3 a6 6. Be3 e5 7. Nf3 Qc7 8. a4
Be6 9. a5 Nbd7 10. Ng5 Bc4 11. Bxc4 Qxc4 12. Ra4 Qc6 13. Qa1 h6 14. Nf3 d5 15.
exd5 Nxd5 16. Nxd5 Qxd5 17. O-O Be7 18. Rg4 g5 19. Rd1 Qb5 20. b3 O-O-O 21. Ba7
Nb8 22. Bb6 Rxd1+ 23. Qxd1 Qd7 24. Qxd7+ Nxd7 25. Rc4+ Kb8 26. Bc7+ Ka8 27.
Nxe5 Nxe5 28. Bxe5 Rd8 29. g4 f6 30. Bd4 Kb8 31. Bb6 Rd1+ 32. Kg2 Bd8 33. Rd4
Rxd4 34. Bxd4 Kc8 35. b4 Kd7 36. Kf3 Be7 37. c3 Ke6 38. Ke4 Bd6 39. h3 Be7 40.
Bc5 Bxc5 41. bxc5 Kd7 42. Kd5 Kc7 43. f3 Kd7 44. c4 Kc7 45. c6 bxc6+ 46. Ke6 c5
47. Kxf6 Kd6 48. Kf5 1-0

[Event "2006 China & Russia chess summit"]
[Site "Erguna CHN"]
[Date "2006.08.13"]
[Round "4"]
[White "Wang Yu"]
[Black "Kosintseva, Tatiana"]
[Result "0-1"]
[WhiteElo "2390"]
[BlackElo "2479"]
[PlyCount "94"]
[EventDate "2006.08.11"]
[Source "Chess Today"]
[SourceDate "2006.08.14"]

1. e4 c5 2. Nf3 d6 3. d4 cxd4 4. Nxd4 Nf6 5. Nc3 Nc6 6. f3 e5 7. Nb3 Be7 8. Be3
O-O 9. Qd2 a5 10. Na4 d5 11. Nb6 d4 12. Nxa8 a4 13. Nc1 dxe3 14. Qxd8 Bxd8 15.
Bb5 Ba5+ 16. c3 Be6 17. Bxa4 Rxa8 18. Bb3 Bxb3 19. Nxb3 Nd4 20. O-O-O Nxb3+ 21.
axb3 Bb6 22. Kc2 Kf8 23. Rd6 Bc5 24. Rd3 Ke7 25. b4 Bb6 26. Kb3 h5 27. h4 Rc8
28. Rdd1 Rh8 29. Rhe1 Rh6 30. Re2 Rg6 31. Ka4 Ne8 32. Rd5 Re6 33. c4 Bd4 34.
Ra5 Nc7 35. c5 Kd7 36. Kb3 b6 37. cxb6 Bxb6 38. Rc5 Bxc5 39. bxc5 Ra6 40. Rxe3
Kc6 41. Rd3 Ne6 42. Rd6+ Kb5 43. Rd5 f6 44. Kc3 Ra4 45. b3 Rd4 46. b4 Rc4+ 47.
Kd2 Rxb4 0-1

[Event "2006 China & Russia chess summit"]
[Site "Erguna CHN"]
[Date "2006.08.13"]
[Round "4"]
[White "Huang Qian"]
[Black "Tairova, Elena"]
[Result "1-0"]
[WhiteElo "2380"]
[BlackElo "2397"]
[PlyCount "161"]
[EventDate "2006.08.11"]
[Source "Chess Today"]
[SourceDate "2006.08.14"]

1. d4 d5 2. Nf3 Nf6 3. c4 c6 4. Nc3 dxc4 5. a4 Bf5 6. Ne5 Nbd7 7. Nxc4 Qc7 8.
g3 e5 9. dxe5 Nxe5 10. Bf4 Nfd7 11. Bg2 g5 12. Bxe5 Nxe5 13. Qd4 f6 14. O-O-O
Rd8 15. Qe3 Be7 16. Rxd8+ Kxd8 17. Nxe5 Qxe5 18. Qxa7 Ba3 19. Rd1+ Kc8 20. Qd4
Qxd4 21. Rxd4 Bc5 22. Rd2 Be6 23. e3 h5 24. Kc2 Kc7 25. Bf3 Bf5+ 26. Be4 Be6
27. Ne2 Bb4 28. Rd1 h4 29. Nd4 Bd7 30. Kb3 Bc5 31. Kc4 Bd6 32. b4 hxg3 33. hxg3
Rh2 34. Rf1 b6 35. Bf5 Bxf5 36. Nxf5 Bf8 37. Nd4 Be7 38. Nf3 Rh8 39. Rd1 g4 40.
Nd4 Bd6 41. Rd2 Be5 42. Ne6+ Kc8 43. b5 Re8 44. Ng7 Re7 45. Nf5 Rc7 46. Nd4
cxb5+ 47. Kxb5 Kb7 48. Ne6 Rh7 49. Nd8+ Kc8 50. Nc6 Bc7 51. Nb4 Kb7 52. Kc4 Rh2
53. Kd3 Be5 54. Rc2 Rh1 55. Nc6 Bc7 56. Nd4 Ra1 57. Rc4 Ra2 58. Nc2 f5 59. Kd4
Rb2 60. Kd5 Rb1 61. Nd4 Rf1 62. Rc2 Ra1 63. Nb5 Bb8 64. Nc3 Rh1 65. Ke6 Rh2 66.
Kxf5 Bxg3 67. Ne4 Bc7 68. Kxg4 Rh1 69. Rc4 Re1 70. Kf3 Be5 71. Ng5 Ka6 72. Ke4
Bd6 73. Ne6 Bh2 74. Nd4 Rb1 75. f4 Bg1 76. f5 Re1 77. Rc3 Ka5 78. f6 Kb4 79.
Nc2+ Kxc3 80. Nxe1 Bh2 81. Kd5 1-0

[Event "2006 China & Russia chess summit"]
[Site "Erguna CHN"]
[Date "2006.08.14"]
[Round "5"]
[White "Wang Yue"]
[Black "Malakhov, Vladimir"]
[Result "1/2-1/2"]
[WhiteElo "2626"]
[BlackElo "2690"]
[PlyCount "198"]
[EventDate "2006.08.11"]
[Source "Chess Today"]
[SourceDate "2006.08.14"]

1. d4 d5 2. c4 c6 3. Nf3 Nf6 4. Nc3 a6 5. a4 e6 6. Bg5 a5 7. e3 Be7 8. Be2 O-O
9. O-O Na6 10. Qb3 Nb4 11. Rfd1 b6 12. cxd5 exd5 13. Na2 Nxa2 14. Qxa2 Nd7 15.
Bf4 Bb7 16. Rac1 Bb4 17. Qb1 Qe7 18. Qf5 Rfe8 19. Ne5 Nxe5 20. Bxe5 Bd6 21.
Bxd6 Qxd6 22. Qc2 Rab8 23. Rd3 g6 24. Rc3 Ba8 25. Qb3 Kf8 26. g3 Re7 27. Bf1
Ra7 28. h4 h5 29. Rb1 Qb4 30. Qa3 Ke8 31. Rb3 Qe7 32. Bg2 Rd7 33. Bf1 Kd8 34.
Rc1 Qxa3 35. Rxa3 Kc7 36. Kg2 Kd6 37. Rb3 Rdd8 38. Rbc3 Kc7 39. f3 Rd6 40. g4
hxg4 41. fxg4 Rh8 42. Kg3 Bb7 43. Bg2 Bc8 44. e4 dxe4 45. Bxe4 Rxd4 46. Rxc6+
Kb8 47. R1c4 Rxc4 48. Rxc4 Bd7 49. Bf3 f6 50. h5 Be8 51. hxg6 Rg8 52. Re4 Bxg6
53. Re6 Bc2 54. Rxb6+ Ka7 55. Rxf6 Bxa4 56. Be2 Kb7 57. Kf4 Bc2 58. g5 Kc7 59.
Bb5 Bb1 60. Rc6+ Kb7 61. Rd6 Kc7 62. Rd7+ Kb6 63. Bd3 Kc6 64. Rd4 Kc5 65. Rc4+
Kd5 66. Rc3 Bxd3 67. Rxd3+ Ke6 68. Rb3 Rc8 69. Rb6+ Kf7 70. Ke4 a4 71. Kd4 Ra8
72. Rf6+ Kg7 73. Rf1 Rb8 74. Kc3 Kg6 75. Rg1 Rb3+ 76. Kc2 Rb4 77. Rg3 Rf4 78.
Kb1 Re4 79. Ka2 Rf4 80. Ka3 Rh4 81. Rc3 Kxg5 82. Rc6 Kf5 83. Rb6 Ke5 84. Rb4
Rh2 85. Kxa4 Kd6 86. Kb5 Kc7 87. Ka6 Rh1 88. Rb7+ Kc6 89. Rb6+ Kc7 90. Rb5 Ra1+
91. Ra5 Rb1 92. Rc5+ Kb8 93. Rb5+ Ka8 94. Kb6 Rh1 95. Rc5 Kb8 96. b4 Rh8 97. b5
Rg8 98. Rd5 Rg6+ 99. Kc5 Rh6 1/2-1/2

[Event "2006 China & Russia chess summit"]
[Site "Erguna CHN"]
[Date "2006.08.14"]
[Round "5"]
[White "Najer, Evgeniy"]
[Black "Bu Xiangzhi"]
[Result "1/2-1/2"]
[WhiteElo "2677"]
[BlackElo "2664"]
[PlyCount "39"]
[EventDate "2006.08.11"]
[Source "Chess Today"]
[SourceDate "2006.08.14"]

1. d4 d5 2. c4 c6 3. Nf3 Nf6 4. cxd5 cxd5 5. Nc3 Nc6 6. Bf4 Bf5 7. e3 e6 8. Qb3
Bb4 9. Bb5 O-O 10. O-O Bxc3 11. Bxc6 Bxb2 12. Bxb7 Bxa1 13. Rxa1 Qb6 14. Bxa8
Rxa8 15. Rc1 Ne4 16. h3 Qxb3 17. axb3 a5 18. Ra1 Nc3 19. Bc7 a4 20. bxa4
1/2-1/2

[Event "2006 China & Russia chess summit"]
[Site "Erguna CHN"]
[Date "2006.08.14"]
[Round "5"]
[White "Zhang Pengxiang"]
[Black "Jakovenko, Dmitrij"]
[Result "1/2-1/2"]
[WhiteElo "2622"]
[BlackElo "2667"]
[PlyCount "128"]
[EventDate "2006.08.11"]
[Source "Chess Today"]
[SourceDate "2006.08.14"]

1. e4 e5 2. Nf3 Nc6 3. d4 exd4 4. Nxd4 Bc5 5. Be3 Qf6 6. c3 Nge7 7. g3 d5 8.
Bg2 Nxd4 9. cxd4 Bb4+ 10. Nc3 Bxc3+ 11. bxc3 dxe4 12. Bxe4 c6 13. O-O O-O 14.
Re1 Bf5 15. Bg2 Be6 16. a4 Bd5 17. Qg4 Bxg2 18. Kxg2 Qd6 19. c4 f5 20. Qd1 Ng6
21. Qb3 Rf7 22. f4 Nf8 23. Bf2 h5 24. Re5 Rd8 25. Rae1 h4 26. a5 Qh6 27. Re7
h3+ 28. Kf1 Rd7 29. c5 Qf6 30. Rxd7 Nxd7 31. d5 cxd5 32. Qxb7 Nf8 33. Qxd5 Qa6+
34. Kg1 Qxa5 35. Re7 Qa1+ 36. Be1 Qf6 37. Rxa7 Qe6 38. Qxe6 Nxe6 39. Rxf7 Kxf7
40. c6 Ke7 41. Bb4+ Kd8 42. Ba5+ Ke7 43. Bb4+ Kd8 44. Bd6 Nd4 45. c7+ Kd7 46.
Kf2 Ne6 47. Be5 Nxc7 48. Bxg7 Ne6 49. Be5 Nc5 50. Kf3 Ne4 51. g4 Ke6 52. gxf5+
Kxf5 53. Bb8 Nf6 54. Bd6 Ng4 55. Kg3 Nf6 56. Be5 Nd5 57. Kf3 Ne7 58. Bb8 Nd5
59. Kg3 Nf6 60. Bc7 Nh5+ 61. Kf3 Nf6 62. Bb6 Ng4 63. Bg1 Nf6 64. Bf2 Ng4
1/2-1/2

[Event "2006 China & Russia chess summit"]
[Site "Erguna CHN"]
[Date "2006.08.14"]
[Round "5"]
[White "Zhang Zhong"]
[Black "Zvjaginsev, Vadim"]
[Result "1/2-1/2"]
[WhiteElo "2639"]
[BlackElo "2675"]
[PlyCount "92"]
[EventDate "2006.08.11"]
[Source "Chess Today"]
[SourceDate "2006.08.14"]

1. e4 c5 2. Nf3 d6 3. d4 cxd4 4. Nxd4 Nf6 5. Nc3 Bd7 6. f3 e5 7. Nb3 Be7 8. Be3
O-O 9. Qd2 a5 10. a4 Na6 11. Nb5 Bc6 12. c4 d5 13. cxd5 Bxb5 14. axb5 Bb4 15.
bxa6 bxa6 16. Bc4 Rb8 17. Ra2 a4 18. Rxa4 Bxd2+ 19. Nxd2 Rxb2 20. O-O Qc7 21.
Rfa1 Rfb8 22. Bf1 Qc3 23. R4a3 R2b3 24. Nc4 h5 25. Bd2 Qd4+ 26. Be3 Rxe3 27.
Nxe3 Rb3 28. Rxb3 Qxa1 29. Rd3 Qc1 30. Kf2 a5 31. d6 Nd7 32. Rd5 a4 33. Bc4
Qb2+ 34. Ke1 g6 35. Rd2 Qb4 36. Ke2 Kg7 37. Ba2 h4 38. h3 Kf8 39. Bc4 Ke8 40.
Ba2 a3 41. Nc4 Qc3 42. Rd3 Qc2+ 43. Rd2 Qc3 44. Rd3 Qc2+ 45. Rd2 Qc1 46. Rd1
Qc2+ 1/2-1/2

[Event "2006 China & Russia chess summit"]
[Site "Erguna CHN"]
[Date "2006.08.14"]
[Round "5"]
[White "Hou Yifan"]
[Black "Kosintseva, Nadezhda"]
[Result "1/2-1/2"]
[WhiteElo "2488"]
[BlackElo "2472"]
[PlyCount "97"]
[EventDate "2006.08.11"]
[Source "Chess Today"]
[SourceDate "2006.08.14"]

1. e4 c5 2. Nf3 d6 3. d4 cxd4 4. Nxd4 Nf6 5. Nc3 Nc6 6. Bg5 e6 7. Qd2 a6 8.
O-O-O Bd7 9. f4 b5 10. Bxf6 gxf6 11. Kb1 Qb6 12. Nce2 h5 13. g3 Rc8 14. Bg2 Na5
15. b3 Bg7 16. c3 Nb7 17. Rhe1 a5 18. Nc1 O-O 19. f5 e5 20. Nc2 Qc7 21. Kb2 a4
22. Nb4 axb3 23. axb3 Bh6 24. Qc2 Nc5 25. Nd5 Qd8 26. Na2 Bc6 27. Nab4 Bxd5 28.
Nxd5 Nd7 29. Bf1 Nb6 30. Nb4 Qc7 31. Bxb5 Qc5 32. Ba6 Rb8 33. h4 Be3 34. Nd5
Nxd5 35. Rxd5 Qa7 36. Ra1 Qb6 37. Bc4 Rfc8 38. Qe2 Bh6 39. Rb5 Qc7 40. Raa5
Rxb5 41. Rxb5 Qa7 42. Bd5 Bc1+ 43. Kb1 Qg1 44. Qxh5 Bd2+ 45. Ka2 Qa7+ 46. Kb1
Qg1+ 47. Ka2 Qa7+ 48. Kb1 Qg1+ 49. Ka2 1/2-1/2

[Event "2006 China & Russia chess summit"]
[Site "Erguna CHN"]
[Date "2006.08.14"]
[Round "5"]
[White "Kosintseva, Tatiana"]
[Black "Zhao Xue"]
[Result "1-0"]
[WhiteElo "2479"]
[BlackElo "2456"]
[PlyCount "59"]
[EventDate "2006.08.11"]
[Source "Chess Today"]
[SourceDate "2006.08.14"]

1. e4 e5 2. Nf3 Nc6 3. Bb5 a6 4. Ba4 Nf6 5. O-O Be7 6. Re1 b5 7. Bb3 d6 8. c3
O-O 9. d4 Bg4 10. d5 Na5 11. Bc2 Qc8 12. Nbd2 c6 13. b4 Nb7 14. dxc6 Qxc6 15.
Bb2 Nd8 16. Nf1 Ne6 17. h3 Bh5 18. Ng3 Bxf3 19. Qxf3 g6 20. Bb3 Qb7 21. Rad1
Rac8 22. Bc1 Kg7 23. h4 h5 24. Nf1 Kh7 25. g3 Ng8 26. Rd3 Ng7 27. Ne3 f5 28.
Nd5 Bd8 29. exf5 Kh8 30. Nf4 1-0

[Event "2006 China & Russia chess summit"]
[Site "Erguna CHN"]
[Date "2006.08.14"]
[Round "5"]
[White "Tairova, Elena"]
[Black "Wang Yu"]
[Result "1-0"]
[WhiteElo "2397"]
[BlackElo "2390"]
[PlyCount "101"]
[EventDate "2006.08.11"]
[Source "Chess Today"]
[SourceDate "2006.08.14"]

1. e4 e5 2. Nf3 Nf6 3. Nxe5 d6 4. Nf3 Nxe4 5. Nc3 Nxc3 6. dxc3 Be7 7. Bf4 Nd7
8. Qd2 O-O 9. O-O-O Nc5 10. Bd3 Bg4 11. h4 Qd7 12. Rde1 Bxf3 13. gxf3 Rfe8 14.
Kb1 Bf8 15. Reg1 Nxd3 16. Qxd3 Re6 17. h5 Rae8 18. Be3 a6 19. Bd4 Qe7 20. a3 c5
21. Be3 b5 22. f4 Re4 23. h6 g6 24. f5 Qf6 25. fxg6 fxg6 26. Bd2 Kh8 27. f3 Re2
28. Bg5 Qe6 29. f4 Be7 30. Rd1 Re3 31. Qd2 Re2 32. Qd3 Re3 33. Qf1 Re4 34. Qf2
Re2 35. Qf3 Re4 36. Rhf1 Rf8 37. Bxe7 Qxe7 38. Qd3 Re6 39. Qg3 Re3 40. Qg2 Qh4
41. f5 Qxh6 42. Rh1 Qg7 43. fxg6 h6 44. Qg5 Re5 45. Rxh6+ Kg8 46. Qh4 Ref5 47.
Rh1 Rf1+ 48. Ka2 Rxh1 49. Qxh1 Qe5 50. Qb7 Qe6+ 51. b3 1-0

[Event "2006 China & Russia chess summit"]
[Site "Erguna CHN"]
[Date "2006.08.14"]
[Round "5"]
[White "Huang Qian"]
[Black "Matveeva, Svetlana"]
[Result "0-1"]
[WhiteElo "2380"]
[BlackElo "2454"]
[PlyCount "92"]
[EventDate "2006.08.11"]
[Source "Chess Today"]
[SourceDate "2006.08.14"]

1. d4 d5 2. Nf3 e6 3. c4 dxc4 4. Nc3 a6 5. e4 b5 6. a4 b4 7. Nb1 Bb7 8. Qc2 Nf6
9. e5 Nfd7 10. Bxc4 c5 11. Bg5 Be7 12. Bxe7 Qxe7 13. Nbd2 cxd4 14. O-O Nc6 15.
Rfe1 Rc8 16. Rac1 O-O 17. Qe4 Na5 18. Qxd4 Nc5 19. Qg4 Nxa4 20. Bd3 h6 21. Ne4
Nxb2 22. Bb1 Nac4 23. Nf6+ Kh8 24. Nh5 Rg8 25. Nf4 g6 26. Qh3 Kg7 27. Nd4 Nxe5
28. Rxc8 Rxc8 29. Qg3 Kh7 30. Ndxe6 Qf6 31. Nd4 Rc3 32. f3 Nbd3 33. Bxd3 Nxd3
34. Nxd3 Qxd4+ 35. Nf2 Rc2 36. Rd1 Rd2 37. Rxd2 Qxd2 38. Ng4 Qd4+ 39. Kf1 Bd5
40. Qh4 Bc4+ 41. Ke1 Qc3+ 42. Kd1 Bb3+ 43. Ke2 Qc2+ 44. Ke3 Qc1+ 45. Kd3 Bc4+
46. Kd4 Qc3+ 0-1

[Event "2006 China & Russia chess summit"]
[Site "Erguna CHN"]
[Date "2006.08.16"]
[Round "6"]
[White "Malakhov, Vladimir"]
[Black "Wang Yue"]
[Result "0-1"]
[WhiteElo "2690"]
[BlackElo "2626"]
[PlyCount "70"]
[EventDate "2006.08.11"]
[Source "Chess Today"]
[SourceDate "2006.08.14"]

1. d4 d5 2. c4 c6 3. e3 Nf6 4. Nf3 a6 5. Bd3 Bg4 6. Nbd2 e6 7. Qc2 Nbd7 8. b3
Bd6 9. Bb2 Bh5 10. Ne5 Bc7 11. f4 Nxe5 12. fxe5 Ng4 13. Nf1 Ba5+ 14. Bc3 Bxc3+
15. Qxc3 Qh4+ 16. g3 Qh3 17. Qc2 f6 18. exf6 Nxf6 19. Rg1 O-O 20. Qg2 Bg4 21.
Qxh3 Bxh3 22. Nd2 Ng4 23. Bf1 Bxf1 24. Nxf1 Rf6 25. a4 Raf8 26. Ra2 Nf2 27. Re2
dxc4 28. bxc4 Nd3+ 29. Kd2 Nb2 30. Kc1 Nxa4 31. Nd2 Nc3 32. Reg2 Rf2 33. Rxf2
Rxf2 34. Rf1 Rxh2 35. Nf3 Ra2 0-1

[Event "2006 China & Russia chess summit"]
[Site "Erguna CHN"]
[Date "2006.08.16"]
[Round "6"]
[White "Bu Xiangzhi"]
[Black "Najer, Evgeniy"]
[Result "1-0"]
[WhiteElo "2664"]
[BlackElo "2677"]
[PlyCount "95"]
[EventDate "2006.08.11"]
[Source "Chess Today"]
[SourceDate "2006.08.14"]

1. Nf3 c5 2. c4 Nf6 3. g3 d5 4. Bg2 Nc6 5. cxd5 Nxd5 6. d4 cxd4 7. Nxd4 Ndb4 8.
Nxc6 Qxd1+ 9. Kxd1 Nxc6 10. Bxc6+ bxc6 11. Be3 e5 12. Nd2 Be6 13. b3 Ba3 14.
Kc2 O-O 15. Nc4 Bxc4 16. bxc4 f5 17. f3 f4 18. Bd2 Bc5 19. Rab1 Rf7 20. Rb3 h5
21. Rhb1 fxg3 22. hxg3 Bf2 23. Rh1 g6 24. g4 h4 25. Rd3 e4 26. Rd6 exf3 27.
Rxg6+ Kh7 28. Rh6+ Kg7 29. g5 Rd8 30. exf3 Rxf3 31. Rf1 Rdf8 32. Bc3+ Rxc3+ 33.
Kxc3 Bd4+ 34. Kxd4 Rxf1 35. Ke5 Rh1 36. Kd6 h3 37. c5 h2 38. Kxc6 a6 39. a3 a5
40. a4 Kg8 41. Rg6+ Kf7 42. Rf6+ Kg8 43. Rf2 Kg7 44. Rb2 Kg6 45. Kb6 Kxg5 46.
c6 Ra1 47. Rxh2 Rxa4 48. Rc2 1-0

[Event "2006 China & Russia chess summit"]
[Site "Erguna CHN"]
[Date "2006.08.16"]
[Round "6"]
[White "Jakovenko, Dmitrij"]
[Black "Zhang Pengxiang"]
[Result "1-0"]
[WhiteElo "2667"]
[BlackElo "2622"]
[PlyCount "99"]
[EventDate "2006.08.11"]
[Source "Chess Today"]
[SourceDate "2006.08.14"]

1. e4 e6 2. d4 d5 3. Nc3 Bb4 4. e5 c5 5. a3 Bxc3+ 6. bxc3 Qa5 7. Bd2 Qa4 8. Qb1
c4 9. h4 f6 10. h5 fxe5 11. dxe5 Nc6 12. f4 Nh6 13. Ne2 Bd7 14. Qb2 O-O-O 15.
Nd4 Nf5 16. Nxf5 exf5 17. Be3 Qa5 18. Rd1 Be6 19. Kf2 g5 20. fxg5 f4 21. Bxf4
Rhf8 22. g3 Qc5+ 23. Rd4 Qe7 24. Kg1 Nxe5 25. Bg2 Nc6 26. Rd1 Bg4 27. Rf1 Rde8
28. Qb5 Be6 29. Kh2 Qxa3 30. Rb1 Re7 31. Rhe1 Rxf4 32. Rxe6 Rxe6 33. Qxb7+ Kd8
34. gxf4 Qxc3 35. Qa8+ Ke7 36. Rb7+ Kd6 37. Qf8+ Re7 38. Rxe7 Nxe7 39. Qd8+ Ke6
40. f5+ Kxf5 41. Qxe7 Qd2 42. Qf6+ Kg4 43. Qf3+ Kxg5 44. Qxd5+ Qxd5 45. Bxd5 c3
46. Bf7 Kf4 47. Kg2 h6 48. Kf2 a5 49. Be6 Ke4 50. Ke2 1-0

[Event "2006 China & Russia chess summit"]
[Site "Erguna CHN"]
[Date "2006.08.16"]
[Round "6"]
[White "Zvjaginsev, Vadim"]
[Black "Zhang Zhong"]
[Result "1/2-1/2"]
[WhiteElo "2675"]
[BlackElo "2639"]
[PlyCount "26"]
[EventDate "2006.08.11"]
[Source "Chess Today"]
[SourceDate "2006.08.14"]

1. e4 e5 2. Bc4 Nf6 3. d3 Nc6 4. Nc3 Bb4 5. Nf3 d6 6. Bd2 Be6 7. Bb5 O-O 8.
Bxc6 bxc6 9. Ne2 Qb8 10. b3 a5 11. h3 a4 12. O-O axb3 13. axb3 Bxd2 1/2-1/2

[Event "2006 China & Russia chess summit"]
[Site "Erguna CHN"]
[Date "2006.08.16"]
[Round "6"]
[White "Shen Yang"]
[Black "Kovalevskaya, Ekaterina"]
[Result "0-1"]
[WhiteElo "2459"]
[BlackElo "2463"]
[PlyCount "102"]
[EventDate "2006.08.11"]
[Source "Chess Today"]
[SourceDate "2006.08.14"]

1. e4 c5 2. Nf3 Nc6 3. d4 cxd4 4. Nxd4 e5 5. Nb5 d6 6. N1c3 a6 7. Na3 b5 8. Nd5
Nf6 9. Bg5 Be7 10. Bxf6 Bxf6 11. c3 Bg5 12. Nc2 Ne7 13. Ncb4 O-O 14. a4 bxa4
15. Rxa4 a5 16. Nxe7+ Qxe7 17. Nd5 Qb7 18. Ra2 Be6 19. Bc4 Rfc8 20. Qd3 Qc6 21.
Bb3 a4 22. Bc2 f5 23. Qf3 Qc4 24. Ra3 Bxd5 25. exd5 g6 26. Qe2 Bc1 27. Qxc4
Rxc4 28. Ra2 a3 29. bxa3 Rxa3 30. Rxa3 Bxa3 31. Kd2 Bb2 32. Rb1 Bxc3+ 33. Kd3
Rc7 34. f3 Bd4 35. Ba4 Rc3+ 36. Kd2 Ra3 37. Rb8+ Kg7 38. Rb7+ Kf6 39. Be8 e4
40. fxe4 fxe4 41. Rxh7 Ra2+ 42. Ke1 e3 43. Rf7+ Kg5 44. h4+ Kg4 45. Re7 Bc3+
46. Kf1 Be5 47. Bb5 Kxh4 48. Rf7 Bg3 49. Rf3 Bf2 50. Rf6 Bg3 51. Rf3 e2+ 0-1